[Event "Montreal m"]
[Site "Montreal CAN"]
[Date "1998.09.07"]
[Round "4"]
[White "Lesiege, Alexandre"]
[Black "Teplitsky, Yan"]
[Result "1-0"]
[WhiteElo "2602"]
[BlackElo "2553"]
[WhiteFideId "-1"]
[WhiteFideId "-1"]
[PlyCount "114"]
[GameId "2160767911806469"]
[EventDate "1998.09.04"]
[EventType "match"]
[EventRounds "4"]
[EventCountry "CAN"]
[SourceTitle "Echec+ 1998.11"]

1. d4 Nf6 2. c4 e6 3. Nc3 Bb4 4. e3 c5 5. Nge2 d5 6. a3 Bxc3+ 7. Nxc3 cxd4 8. exd4 dxc4 9. Bxc4 Nc6 10. Be3 O-O 11. O-O b6 12. Qd3 Bb7 13. Rad1 Ne7 14. Bg5 Nfd5 15. Ba2 Qd7 16. Rfe1 Ng6 17. Qg3 Rac8 18. h4 f6 19. Bd2 Nge7 20. Qg4 Nf5 21. Re2 Kh8 22. Rde1 Nxc3 23. Bxc3 Bd5 24. Bxd5 exd5 25. Re7 Qxe7 26. Rxe7 Nxe7 27. Qd7 Nc6 28. Qxd5 h6 29. Qd7 Rfd8 30. Qb7 Nxd4 31. Bxd4 Rc1+ 32. Kh2 Rxd4 33. Qxa7 Rxh4+ 34. Kg3 Rcc4 35. Qxb6 Rhg4+ 36. Kf3 Rgf4+ 37. Ke3 Rce4+ 38. Kd3 Re5 39. b4 h5 40. a4 Ref5 41. f3 h4 42. a5 h3 43. gxh3 Rxf3+ 44. Kc4 Ra3 45. a6 Rf1 46. b5 Rfa1 47. Qe6 Rc1+ 48. Kb4 Rca1 49. Kc5 Rc1+ 50. Kb6 Rca1 51. Kb7 Ra5 52. Qc4 Kh7 53. b6 f5 54. a7 g5 55. Qf7+ Kh6 56. Qf6+ Kh5 57. Qh8+ Kg6 1-0

[Event "Quebec op"]
[Site "Montreal CAN"]
[Date "1998.07.25"]
[Round "1"]
[White "Lesiege, Alexandre"]
[Black "Hua, Lefong"]
[Result "1-0"]
[WhiteElo "2535"]
[BlackElo "2250"]
[WhiteFideId "-1"]
[WhiteFideId "-1"]
[PlyCount "122"]
[GameId "2160767911872421"]
[EventDate "1998.07.25"]
[EventType "swiss"]
[EventRounds "9"]
[EventCountry "CAN"]
[SourceTitle "EXT 1999"]
[Source "ChessBase"]
[SourceDate "1998.11.10"]
[SourceVersion "1"]
[SourceVersionDate "1998.11.10"]
[SourceQuality "1"]

1. c4 c6 2. Nf3 d5 3. e3 Nf6 4. d4 Bf5 5. Nbd2 e6 6. Be2 h6 7. O-O Nbd7 8. b3 Bd6 9. Bb2 Qb8 10. h3 O-O 11. Rc1 a5 12. a3 Re8 13. Re1 Bh7 14. Nb1 Ne4 15. Bd3 f5 16. Qc2 Rf8 17. Nc3 Qd8 18. Na4 Qe7 19. Ra1 Rac8 20. c5 Bc7 21. b4 axb4 22. axb4 Qf6 23. b5 Bg6 24. bxc6 bxc6 25. Nb6 Nxb6 26. cxb6 Bxb6 27. Ne5 Be8 28. Ra6 Bc7 29. Ba3 c5 30. Bxe4 fxe4 31. Ng4 Qf5 32. Bxc5 h5 33. Nh2 Bb5 34. Ra2 Rf6 35. f4 exf3 36. Nxf3 Bd3 37. Qa4 Bg3 38. Qd7 Rb8 39. Bd6 Rf7 40. Bxb8 Rxd7 41. Bxg3 Rb7 42. Ne5 Bc4 43. Rf2 Qe4 44. Rf4 Qc2 45. Rf2 Qc3 46. Nf3 g5 47. Nd2 Rb2 48. Nf3 Rb7 49. Nd2 g4 50. Bf4 Rb2 51. e4 Qxd4 52. hxg4 hxg4 53. Be3 Qc3 54. exd5 Bxd5 55. Bf4 g3 56. Rfe2 Qd4+ 57. Be3 Qd3 58. Bf4 Qd4+ 59. Be3 Qg4 60. Ba7 Qh5 61. Bd4 Bc4 1-0

[Event "Quebec op"]
[Site "Montreal CAN"]
[Date "1998.07.26"]
[Round "2"]
[White "Lesiege, Alexandre"]
[Black "Goldenberg, Danny"]
[Result "1-0"]
[WhiteElo "2535"]
[BlackElo "2320"]
[WhiteFideId "-1"]
[WhiteFideId "-1"]
[PlyCount "61"]
[GameId "2160767911872458"]
[EventDate "1998.07.25"]
[EventType "swiss"]
[EventRounds "9"]
[EventCountry "CAN"]
[SourceTitle "EXT 1999"]
[Source "ChessBase"]
[SourceDate "1998.11.10"]
[SourceVersion "1"]
[SourceVersionDate "1998.11.10"]
[SourceQuality "1"]

1. d4 Nf6 2. c4 c5 3. Nf3 cxd4 4. Nxd4 e5 5. Nb5 d5 6. cxd5 Bc5 7. e3 O-O 8. N5c3 Qe7 9. Be2 e4 10. a3 Rd8 11. Nd2 Bf5 12. b4 Bd6 13. Nc4 Be5 14. Nxe5 Qxe5 15. Bb2 Nbd7 16. Qb3 Bg6 17. h4 h5 18. Rd1 Ng4 19. Bxg4 hxg4 20. Ne2 Qd6 21. Nf4 Bf5 22. O-O Nf6 23. h5 Nh7 24. Qc3 Qh6 25. Qe5 Qg5 26. d6 Nf6 27. Nd5 Re8 28. Ne7+ Rxe7 29. dxe7 Re8 30. Rd8 Qxh5 31. Qxf6 1-0

[Event "Quebec op"]
[Site "Montreal CAN"]
[Date "1998.07.27"]
[Round "3"]
[White "Hebert, Jean"]
[Black "Lesiege, Alexandre"]
[Result "1/2-1/2"]
[WhiteElo "2455"]
[BlackElo "2535"]
[WhiteFideId "-1"]
[WhiteFideId "-1"]
[PlyCount "41"]
[GameId "2160767911872498"]
[EventDate "1998.07.25"]
[EventType "swiss"]
[EventRounds "9"]
[EventCountry "CAN"]
[SourceTitle "EXT 1999"]
[Source "ChessBase"]
[SourceDate "1998.11.10"]
[SourceVersion "1"]
[SourceVersionDate "1998.11.10"]
[SourceQuality "1"]

1. Nf3 d5 2. g3 Bg4 3. Bg2 Nd7 4. c4 e6 5. cxd5 exd5 6. h3 Bh5 7. Nc3 c6 8. O-O Ngf6 9. d3 Bc5 10. Bf4 O-O 11. Qb3 Qb6 12. Qc2 Bxf3 13. Bxf3 Bd4 14. e3 Be5 15. d4 Bxf4 16. gxf4 Ne8 17. Kh2 Qd8 18. Rg1 g6 19. Rad1 Qe7 20. Rg5 Ng7 21. Ne2 1/2-1/2

[Event "Quebec op"]
[Site "Montreal CAN"]
[Date "1998.07.28"]
[Round "4"]
[White "Lesiege, Alexandre"]
[Black "Drozdov, Igor"]
[Result "1/2-1/2"]
[WhiteElo "2535"]
[BlackElo "2440"]
[WhiteFideId "-1"]
[WhiteFideId "-1"]
[PlyCount "69"]
[GameId "2160767911872526"]
[EventDate "1998.07.25"]
[EventType "swiss"]
[EventRounds "9"]
[EventCountry "CAN"]
[SourceTitle "EXT 1999"]
[Source "ChessBase"]
[SourceDate "1998.11.10"]
[SourceVersion "1"]
[SourceVersionDate "1998.11.10"]
[SourceQuality "1"]

1. d4 Nf6 2. c4 g6 3. Nf3 Bg7 4. g3 O-O 5. Bg2 d6 6. O-O c6 7. Nc3 Qa5 8. h3 Be6 9. Qd3 Qa6 10. b3 d5 11. Ne5 Nbd7 12. cxd5 Qxd3 13. Nxd3 Nxd5 14. Bb2 Nxc3 15. Bxc3 Rfd8 16. e3 a5 17. Nf4 Nf8 18. Rfc1 Bh6 19. Nxe6 Nxe6 20. Rab1 Nc7 21. Be1 Ra7 22. b4 axb4 23. Bxb4 Ne6 24. Bxe7 Rd7 25. Bf6 Rxa2 26. d5 cxd5 27. Rb5 d4 28. Rc8+ Bf8 29. exd4 Nxd4 30. Rd5 Rxd5 31. Bxd5 Ra5 32. Rd8 Ne6 33. Bxe6 fxe6 34. Be7 Rf5 35. Rb8 1/2-1/2

[Event "Quebec op"]
[Site "Montreal CAN"]
[Date "1998.07.29"]
[Round "5"]
[White "Levtchouk, George"]
[Black "Lesiege, Alexandre"]
[Result "1/2-1/2"]
[WhiteElo "2330"]
[BlackElo "2535"]
[WhiteFideId "-1"]
[WhiteFideId "-1"]
[PlyCount "64"]
[GameId "2160767911872560"]
[EventDate "1998.07.25"]
[EventType "swiss"]
[EventRounds "9"]
[EventCountry "CAN"]
[SourceTitle "EXT 1999"]
[Source "ChessBase"]
[SourceDate "1998.11.10"]
[SourceVersion "1"]
[SourceVersionDate "1998.11.10"]
[SourceQuality "1"]

1. d4 d5 2. c4 e6 3. Nf3 Nf6 4. Nc3 c6 5. e3 Nbd7 6. Bd3 dxc4 7. Bxc4 b5 8. Be2 b4 9. Na4 Bb7 10. O-O Be7 11. b3 O-O 12. Bb2 c5 13. dxc5 Nxc5 14. Nxc5 Bxc5 15. Qxd8 Rfxd8 16. Bxf6 gxf6 17. Rfd1 Kf8 18. Nd2 Ke7 19. Bf3 Bxf3 20. gxf3 Rd5 21. Nc4 Rad8 22. Rxd5 exd5 23. Nb2 d4 24. e4 Bd6 25. Nd3 Rc8 26. Kf1 Ke6 27. Ke2 f5 28. Kd2 f6 29. Rg1 Bf8 30. Nf4+ Ke5 31. Nd3+ Ke6 32. Nf4+ Ke5 1/2-1/2

[Event "Quebec op"]
[Site "Montreal CAN"]
[Date "1998.07.29"]
[Round "6"]
[White "Lesiege, Alexandre"]
[Black "Khassanov, Marat"]
[Result "1-0"]
[WhiteElo "2535"]
[BlackElo "2351"]
[WhiteFideId "-1"]
[WhiteFideId "-1"]
[PlyCount "66"]
[GameId "2160767911872575"]
[EventDate "1998.07.25"]
[EventType "swiss"]
[EventRounds "9"]
[EventCountry "CAN"]

1. d4 d5 2. c4 e6 3. Nf3 Nf6 4. Nc3 c6 5. Bg5 Nbd7 6. e3 Be7 7. Bd3 dxc4 8. Bxc4 Nd5 9. Bxe7 Qxe7 10. Rc1 Nxc3 11. Rxc3 O-O 12. O-O b6 13. Qc2 c5 14. dxc5 Nxc5 15. b4 Na6 16. a3 Nc7 17. Qe4 Ba6 18. Bxa6 Nxa6 19. Rfc1 Rad8 20. Nd4 Rd5 21. h3 Qd7 22. Qc2 h6 23. Rc8 Rd8 24. Rxd8+ Qxd8 25. Qc8 Nb8 26. Nxe6 fxe6 27. Qxe6+ Kh7 28. Rc8 Qd7 29. Qe4+ Rf5 30. Rxb8 Qd1+ 31. Kh2 Qd6+ 32. g3 Qg6 33. Kg1 Rb5 1-0

[Event "Quebec op"]
[Site "Montreal CAN"]
[Date "1998.07.31"]
[Round "7"]
[White "Hergott, Deen"]
[Black "Lesiege, Alexandre"]
[Result "0-1"]
[WhiteElo "2365"]
[BlackElo "2535"]
[WhiteFideId "-1"]
[WhiteFideId "-1"]
[PlyCount "104"]
[GameId "2160767911872625"]
[EventDate "1998.07.25"]
[EventType "swiss"]
[EventRounds "9"]
[EventCountry "CAN"]
[SourceTitle "EXT 1999"]
[Source "ChessBase"]
[SourceDate "1998.11.10"]
[SourceVersion "1"]
[SourceVersionDate "1998.11.10"]
[SourceQuality "1"]

1. d4 d5 2. Nf3 Nf6 3. c4 c6 4. Nc3 e6 5. e3 Nbd7 6. Qc2 Bd6 7. Be2 O-O 8. O-O Qe7 9. b3 b6 10. e4 Nxe4 11. Nxe4 dxe4 12. Qxe4 Bb7 13. Bf4 Bxf4 14. Qxf4 c5 15. Qc7 Bxf3 16. Bxf3 Rac8 17. Qf4 Qf6 18. Qxf6 Nxf6 19. Rfd1 Rfd8 20. dxc5 bxc5 21. Kf1 Kf8 22. Ke2 Ke7 23. a3 a5 24. Rab1 e5 25. Ke3 Rd4 26. Rxd4 exd4+ 27. Kd2 Rb8 28. b4 axb4 29. axb4 Rxb4 30. Rxb4 cxb4 31. Kd3 Kd6 32. Kxd4 Nd7 33. Bd5 f6 34. Bg8 h6 35. f3 Nc5 36. h4 Nb3+ 37. Kd3 Kc5 38. h5 Nd4 39. Bf7 Nf5 40. f4 Ng3 41. Bg6 b3 42. Kc3 b2 43. Kxb2 Kxc4 44. Ka3 Kd4 45. Kb4 Ke3 46. Kc5 Kxf4 47. Kd6 Kg5 48. Ke6 Nxh5 49. Bxh5 Kxh5 50. Kf5 Kh4 51. Kg6 h5 52. Kxg7 Kg5 0-1

[Event "Quebec op"]
[Site "Montreal CAN"]
[Date "1998.08.02"]
[Round "9"]
[White "Tyomkin, Dimitri"]
[Black "Lesiege, Alexandre"]
[Result "0-1"]
[WhiteElo "2440"]
[BlackElo "2535"]
[WhiteFideId "-1"]
[WhiteFideId "-1"]
[PlyCount "66"]
[GameId "2160767911872686"]
[EventDate "1998.07.25"]
[EventType "swiss"]
[EventRounds "9"]
[EventCountry "CAN"]
[SourceTitle "EXT 1999"]
[Source "ChessBase"]
[SourceDate "1998.11.10"]
[SourceVersion "1"]
[SourceVersionDate "1998.11.10"]
[SourceQuality "1"]

1. d4 d5 2. c4 c6 3. Nf3 Nf6 4. Nc3 dxc4 5. a4 Bf5 6. Nh4 Bg4 7. h3 Bh5 8. g4 Bg6 9. Nxg6 hxg6 10. e4 e6 11. Bxc4 Bb4 12. f3 Nbd7 13. Be3 Qe7 14. Kf2 e5 15. Ne2 Rd8 16. Qb3 exd4 17. Nxd4 O-O 18. Rad1 Bc5 19. Be2 Qe5 20. Kg2 Nb6 21. Nc2 Bxe3 22. Nxe3 Qa5 23. Nc4 Qxa4 24. Qxa4 Nxa4 25. Rxd8 Rxd8 26. Rd1 Rxd1 27. Bxd1 Nc5 28. Na5 Nfd7 29. Be2 Ne5 30. b4 b6 31. bxc5 bxa5 32. Kf2 a4 33. Bd1 a3 0-1

[Event "Quebec-ch"]
[Site "Montreal CAN"]
[Date "1998.06.04"]
[Round "1"]
[White "Charbonneau, Pascal"]
[Black "Lesiege, Alexandre"]
[Result "0-1"]
[WhiteElo "2098"]
[BlackElo "2537"]
[WhiteFideId "-1"]
[WhiteFideId "-1"]
[PlyCount "78"]
[GameId "2160767911872922"]
[EventDate "1998.06.04"]
[EventType "tourn"]
[EventRounds "9"]
[EventCountry "CAN"]

1. e4 c5 2. Nf3 d6 3. d4 cxd4 4. Nxd4 Nf6 5. Nc3 a6 6. Bg5 e6 7. f4 Be7 8. Qf3 Qc7 9. O-O-O Nbd7 10. g4 b5 11. Bxf6 Nxf6 12. g5 Nd7 13. f5 Bxg5+ 14. Kb1 Ne5 15. Qh5 Qe7 16. Nxe6 Bxe6 17. fxe6 g6 18. exf7+ Kxf7 19. Qe2 Kg7 20. Nd5 Qd8 21. Qf2 Rf8 22. Qd4 Bh4 23. Be2 Bf2 24. Qd2 Rc8 25. h4 Bxh4 26. Nf4 Qf6 27. Ne6+ Qxe6 28. Rxh4 Rf7 29. a4 bxa4 30. Qxd6 Qxd6 31. Rxd6 Rf2 32. Bd3 Nxd3 33. cxd3 Rb8 34. Rd7+ Kf6 35. e5+ Ke6 36. Rhxh7 Rbxb2+ 37. Ka1 Ra2+ 38. Kb1 Rfb2+ 39. Kc1 a3 0-1

[Event "Quebec-ch"]
[Site "Montreal CAN"]
[Date "1998.06.05"]
[Round "2"]
[White "Lesiege, Alexandre"]
[Black "Fillion, Steve"]
[Result "1/2-1/2"]
[WhiteElo "2537"]
[BlackElo "2119"]
[WhiteFideId "-1"]
[WhiteFideId "-1"]
[PlyCount "72"]
[GameId "2160767911872929"]
[EventDate "1998.06.04"]
[EventType "tourn"]
[EventRounds "9"]
[EventCountry "CAN"]

1. d4 d5 2. c4 c6 3. Nc3 Nf6 4. Nf3 dxc4 5. a4 Bf5 6. e3 e6 7. Bxc4 Bb4 8. O-O O-O 9. Qe2 Bg4 10. Rd1 Nbd7 11. e4 Re8 12. e5 Nd5 13. Ne4 h6 14. Bd3 Bf5 15. Ng3 Bxd3 16. Rxd3 c5 17. Qe4 c4 18. Rd1 Rc8 19. Qg4 Kh8 20. Qh5 Kg8 21. Ne4 Be7 22. Bd2 b6 23. Re1 a6 24. Qg4 Kh8 25. Nc3 Nf8 26. Qg3 Qd7 27. Re4 Ng6 28. Rae1 b5 29. Rg4 Nxc3 30. bxc3 bxa4 31. h4 Bf8 32. h5 Ne7 33. Rf4 Nd5 34. Rg4 Ne7 35. Rf4 Nd5 36. Rg4 Ne7 1/2-1/2

[Event "Quebec-ch"]
[Site "Montreal CAN"]
[Date "1998.06.06"]
[Round "3"]
[White "Wenaas, Eric"]
[Black "Lesiege, Alexandre"]
[Result "0-1"]
[WhiteElo "2172"]
[BlackElo "2537"]
[WhiteFideId "-1"]
[WhiteFideId "-1"]
[PlyCount "80"]
[GameId "2160767911872936"]
[EventDate "1998.06.04"]
[EventType "tourn"]
[EventRounds "9"]
[EventCountry "CAN"]

1. Nf3 Nf6 2. d4 d5 3. c4 c6 4. Nc3 e6 5. e3 Nbd7 6. Qc2 Bd6 7. Be2 O-O 8. O-O Qe7 9. Rd1 dxc4 10. Bxc4 e5 11. e4 exd4 12. Nxd4 Nb6 13. Be2 Re8 14. Nf3 Bg4 15. Bg5 h6 16. Be3 Bc7 17. Re1 Bh5 18. h3 Bxf3 19. Bxf3 Nc4 20. g3 Rad8 21. Bg2 Qb4 22. Rab1 Bb6 23. Bxb6 Qxb6 24. Red1 Rxd1+ 25. Rxd1 Rd8 26. Rxd8+ Qxd8 27. b3 Ne5 28. Qd1 Qe7 29. Qd4 c5 30. Qd2 Nc6 31. Nd5 Nxd5 32. Qxd5 Nb4 33. Qd2 Qe5 34. Kh2 Qd4 35. Qxd4 cxd4 36. e5 Nxa2 37. Kg1 Nc3 38. Kf1 b5 39. Ke1 a5 40. Kd2 a4 0-1

[Event "Quebec-ch"]
[Site "Montreal CAN"]
[Date "1998.06.07"]
[Round "4"]
[White "Lesiege, Alexandre"]
[Black "Leveille, Francois"]
[Result "1-0"]
[WhiteElo "2537"]
[BlackElo "2330"]
[WhiteFideId "-1"]
[WhiteFideId "-1"]
[PlyCount "57"]
[GameId "2160767911872940"]
[EventDate "1998.06.04"]
[EventType "tourn"]
[EventRounds "9"]
[EventCountry "CAN"]

1. d4 f5 2. g3 Nf6 3. Bg2 g6 4. c4 Bg7 5. Nc3 O-O 6. Nf3 d6 7. O-O Qe8 8. d5 a5 9. Nd4 Na6 10. b3 Bd7 11. Rb1 c6 12. e4 fxe4 13. Nxe4 Nxe4 14. Bxe4 Nc7 15. Be3 cxd5 16. cxd5 Qf7 17. Ne6 Nxe6 18. dxe6 Bxe6 19. Bxb7 Rab8 20. Bg2 a4 21. bxa4 Bxa2 22. Rxb8 Rxb8 23. Qc2 Qc4 24. Qxc4+ Bxc4 25. Rc1 d5 26. a5 Rb2 27. Rxc4 dxc4 28. Bd5+ Kf8 29. a6 1-0

[Event "Quebec-ch"]
[Site "Montreal CAN"]
[Date "1998.06.08"]
[Round "5"]
[White "Tremblay, Sylvain"]
[Black "Lesiege, Alexandre"]
[Result "0-1"]
[WhiteElo "2154"]
[BlackElo "2537"]
[WhiteFideId "-1"]
[WhiteFideId "-1"]
[PlyCount "54"]
[GameId "2160767911872945"]
[EventDate "1998.06.04"]
[EventType "tourn"]
[EventRounds "9"]
[EventCountry "CAN"]

1. d4 d5 2. c4 c6 3. e3 Nf6 4. Nf3 Bf5 5. Nc3 e6 6. Bd2 Nbd7 7. Rc1 Bd6 8. Be2 h6 9. a3 O-O 10. O-O Qe7 11. Qb3 Rab8 12. Rfd1 Bg4 13. cxd5 exd5 14. h3 Bh5 15. Be1 Ne4 16. Qc2 f5 17. Nxe4 fxe4 18. Nh2 Bf7 19. Qa4 Be6 20. Bb4 c5 21. dxc5 Bxh2+ 22. Kxh2 Rxf2 23. Bf1 Ne5 24. Kg1 Qh4 25. Rc2 Nf3+ 26. gxf3 Qg3+ 27. Bg2 Qxg2# 0-1

[Event "Quebec-ch"]
[Site "Montreal CAN"]
[Date "1998.06.10"]
[Round "6"]
[White "Goldenberg, Danny"]
[Black "Lesiege, Alexandre"]
[Result "0-1"]
[WhiteElo "2263"]
[BlackElo "2537"]
[WhiteFideId "-1"]
[WhiteFideId "-1"]
[PlyCount "82"]
[GameId "2160767911872949"]
[EventDate "1998.06.04"]
[EventType "tourn"]
[EventRounds "9"]
[EventCountry "CAN"]

1. e4 c5 2. Nf3 d6 3. d4 cxd4 4. Nxd4 Nf6 5. Nc3 a6 6. Bg5 e6 7. f4 Be7 8. Qf3 Qc7 9. O-O-O h6 10. Bh4 Nbd7 11. Qg3 Rg8 12. f5 e5 13. Nb3 b5 14. Nd5 Nxd5 15. exd5 Bxh4 16. Qxh4 Nf6 17. Bd3 Bb7 18. Be4 Rc8 19. Kb1 Qc4 20. Na5 Qxe4 21. Qxe4 Nxe4 22. Nxb7 Kd7 23. Rhe1 Nf6 24. Re2 Rc4 25. g3 Ra4 26. b3 Rg4 27. Re3 Rg5 28. Rf3 e4 29. Rf4 Re8 30. Kc1 Re5 31. c4 Rgxf5 32. Rxf5 Rxf5 33. c5 dxc5 34. Nxc5+ Kd6 35. Nxa6 Nxd5 36. Nb4 Kc5 37. Nc2 Rf3 38. Rd4 f5 39. b4+ Kd6 40. Rd2 Ke5 41. Kb2 Nf6 0-1

[Event "Quebec-ch"]
[Site "Montreal CAN"]
[Date "1998.06.11"]
[Round "7"]
[White "Lesiege, Alexandre"]
[Black "Linskiy, Oleg"]
[Result "1-0"]
[WhiteElo "2537"]
[BlackElo "2388"]
[WhiteFideId "-1"]
[WhiteFideId "-1"]
[PlyCount "75"]
[GameId "2160767911872953"]
[EventDate "1998.06.04"]
[EventType "tourn"]
[EventRounds "9"]
[EventCountry "CAN"]

1. e4 c5 2. Nf3 Nc6 3. d4 cxd4 4. Nxd4 Nf6 5. Nc3 e5 6. Ndb5 d6 7. Bg5 a6 8. Na3 Be6 9. Nc4 Rc8 10. Bxf6 gxf6 11. Nd5 Bxd5 12. Qxd5 Nb4 13. Qd2 d5 14. exd5 Qxd5 15. Qxd5 Nxd5 16. O-O-O Rc5 17. c3 a5 18. Kb1 Ke7 19. Nd2 a4 20. Ne4 Ra5 21. a3 f5 22. Bc4 Nb6 23. Nd6 Nxc4 24. Nxc4 Rb5 25. Kc2 Rg8 26. Nd6 Rc5 27. Nxf5+ Ke6 28. Ne3 Bh6 29. g3 Bxe3 30. fxe3 Rgc8 31. Rhf1 R8c6 32. Rd2 f6 33. Rd8 Rb5 34. Rf2 Rc7 35. Ra8 Rc4 36. Rf8 Kd5 37. Kd3 Rc6 38. c4+ 1-0

[Event "Quebec-ch"]
[Site "Montreal CAN"]
[Date "1998.06.12"]
[Round "8"]
[White "Hua, Lefong"]
[Black "Lesiege, Alexandre"]
[Result "1/2-1/2"]
[WhiteElo "2231"]
[BlackElo "2537"]
[WhiteFideId "-1"]
[WhiteFideId "-1"]
[PlyCount "42"]
[GameId "2160767911872961"]
[EventDate "1998.06.04"]
[EventType "tourn"]
[EventRounds "9"]
[EventCountry "CAN"]

1. e4 c5 2. Nc3 d6 3. g3 Nc6 4. Bg2 g6 5. d3 Bg7 6. Be3 Rb8 7. Qd2 b5 8. Nge2 b4 9. Nd1 Nd4 10. O-O Qb6 11. h3 e6 12. f4 Ne7 13. g4 f5 14. Ng3 O-O 15. Bf2 Qa6 16. exf5 exf5 17. Re1 Rf7 18. gxf5 gxf5 19. c3 Nb3 20. axb3 Qxa1 21. d4 cxd4 1/2-1/2

[Event "Quebec-ch"]
[Site "Montreal CAN"]
[Date "1998.06.14"]
[Round "9"]
[White "Lesiege, Alexandre"]
[Black "Duong, Thanh Nha"]
[Result "1/2-1/2"]
[WhiteElo "2537"]
[BlackElo "2337"]
[WhiteFideId "-1"]
[WhiteFideId "-1"]
[PlyCount "30"]
[GameId "2160767911872962"]
[EventDate "1998.06.04"]
[EventType "tourn"]
[EventRounds "9"]
[EventCountry "CAN"]

1. e4 e5 2. Nf3 Nc6 3. Nc3 Nf6 4. d4 exd4 5. Nd5 Be7 6. Bc4 d6 7. Nxd4 Ne5 8. Nxf6+ Bxf6 9. Be2 O-O 10. O-O Re8 11. c3 Ng6 12. Qc2 Qe7 13. Bd3 c5 14. Nf5 Qd8 15. Rd1 Ne5 1/2-1/2

[Event "Paul Keres mem (23rd)"]
[Site "Vancouver CAN"]
[Date "1998.05.15"]
[Round "1"]
[White "Pechisker, Alfred"]
[Black "Lesiege, Alexandre"]
[Result "0-1"]
[WhiteElo "2041"]
[BlackElo "2603"]
[WhiteFideId "-1"]
[WhiteFideId "-1"]
[PlyCount "68"]
[GameId "2160767911873081"]
[EventDate "1998.05.15"]
[EventType "swiss"]
[EventRounds "7"]
[EventCountry "CAN"]

1. d4 d5 2. c4 c6 3. Nc3 e6 4. Nf3 dxc4 5. a4 Bb4 6. e3 b5 7. axb5 cxb5 8. Bd2 Bxc3 9. Bxc3 a5 10. b3 Bb7 11. bxc4 b4 12. Bd2 Nf6 13. Be2 Nbd7 14. O-O O-O 15. Qb3 e5 16. dxe5 Ng4 17. Qb2 Ra6 18. Bxb4 axb4 19. Rxa6 Bxa6 20. Qxb4 Ndxe5 21. h3 Nxf3+ 22. Bxf3 Ne5 23. Be4 Bxc4 24. Ra1 Qf6 25. Ra5 Be6 26. Bxh7+ Kxh7 27. Qxf8 Nd3 28. f4 Qh4 29. Rg5 g6 30. Kh2 Nf2 31. Qb4 Bxh3 32. gxh3 Nxh3 33. Rg2 Nxf4+ 34. Kg1 Nh3+ 0-1

[Event "Paul Keres mem (23rd)"]
[Site "Vancouver CAN"]
[Date "1998.05.16"]
[Round "2"]
[White "Lesiege, Alexandre"]
[Black "Skulsky, Ian"]
[Result "1-0"]
[WhiteElo "2603"]
[BlackElo "2192"]
[WhiteFideId "-1"]
[WhiteFideId "-1"]
[PlyCount "47"]
[GameId "2160767911873098"]
[EventDate "1998.05.15"]
[EventType "swiss"]
[EventRounds "7"]
[EventCountry "CAN"]

1. d4 b5 2. e4 a6 3. Nf3 Bb7 4. Bd3 Nf6 5. Qe2 e6 6. O-O c5 7. c3 Nc6 8. Nbd2 cxd4 9. cxd4 Qb6 10. Nb3 Be7 11. a3 h6 12. Be3 d5 13. e5 Nd7 14. Rac1 b4 15. a4 a5 16. Rc2 Rc8 17. Rfc1 O-O 18. Ne1 Ncb8 19. Qg4 f5 20. Qg6 Kh8 21. g4 Rxc2 22. Rxc2 Bc8 23. Ng2 Rd8 24. Qf7 1-0

[Event "Paul Keres mem (23rd)"]
[Site "Vancouver CAN"]
[Date "1998.05.16"]
[Round "3"]
[White "Adam, Valerian"]
[Black "Lesiege, Alexandre"]
[Result "0-1"]
[WhiteElo "2310"]
[BlackElo "2603"]
[WhiteFideId "-1"]
[WhiteFideId "-1"]
[PlyCount "116"]
[GameId "2160767911873110"]
[EventDate "1998.05.15"]
[EventType "swiss"]
[EventRounds "7"]
[EventCountry "CAN"]

1. e4 c5 2. c4 Nc6 3. Nf3 d6 4. Be2 g6 5. d4 Bg4 6. dxc5 dxc5 7. O-O Bg7 8. Nc3 Nf6 9. Be3 Bxf3 10. Bxf3 Nd7 11. Rc1 O-O 12. Qd2 Nde5 13. Be2 Qxd2 14. Bxd2 Nd4 15. b3 Rfd8 16. Be3 Nec6 17. Rfd1 Rd7 18. Kf1 Rad8 19. Bg4 e6 20. Bg5 f6 21. Be3 f5 22. exf5 gxf5 23. Bh5 Bf6 24. f4 Nb4 25. Rd2 Ndc6 26. Rxd7 Rxd7 27. Bf3 Rd3 28. Nd1 Nxa2 29. Rc2 Nab4 30. Rd2 Rxd2 31. Bxd2 b6 32. Bxb4 Nxb4 33. Nf2 Bd4 34. Bd1 Kf7 35. Ke2 Bxf2 36. Kxf2 Nc6 37. Ke3 Kf6 38. g3 e5 39. fxe5+ Kxe5 40. Kd2 Nd8 41. Ke3 Ne6 42. Bc2 h6 43. Bd1 Nd4 44. Kd3 Ne6 45. Ke3 Ng5 46. Bc2 Nh7 47. g4 f4+ 48. Kf2 Ng5 49. h4 Ne6 50. Bd1 Nd4 51. Kg2 Ke4 52. Kf2 a5 53. Kg2 Ke3 54. g5 hxg5 55. hxg5 f3+ 56. Kh2 f2 57. Kg2 Nf5 58. Bc2 Ng3 0-1

[Event "Paul Keres mem (23rd)"]
[Site "Vancouver CAN"]
[Date "1998.05.17"]
[Round "4"]
[White "Lesiege, Alexandre"]
[Black "Vetemaa, Juri"]
[Result "1/2-1/2"]
[WhiteElo "2603"]
[BlackElo "2500"]
[WhiteFideId "-1"]
[WhiteFideId "-1"]
[PlyCount "57"]
[GameId "2160767911873141"]
[EventDate "1998.05.15"]
[EventType "swiss"]
[EventRounds "7"]
[EventCountry "CAN"]

1. d4 Nf6 2. c4 c5 3. Nf3 cxd4 4. Nxd4 g6 5. Nc3 Bg7 6. e4 d6 7. Be2 O-O 8. O-O Nc6 9. Be3 Bd7 10. Qd2 a6 11. f3 Nxd4 12. Bxd4 Qa5 13. a3 Rfc8 14. c5 e5 15. b4 Qc7 16. Bf2 dxc5 17. bxc5 Bf8 18. Rfc1 Qa5 19. Nb1 Qxd2 20. Nxd2 Be6 21. Bc4 Bxc4 22. Rxc4 Rc7 23. Rac1 Rac8 24. R1c2 Nd7 25. Nb3 Nb6 26. Rb4 Nd7 27. Rbc4 Nb6 28. Rb4 Nd7 29. Rbc4 1/2-1/2

[Event "Paul Keres mem (23rd)"]
[Site "Vancouver CAN"]
[Date "1998.05.18"]
[Round "6"]
[White "Spraggett, Kevin"]
[Black "Lesiege, Alexandre"]
[Result "1-0"]
[WhiteElo "2633"]
[BlackElo "2603"]
[WhiteFideId "-1"]
[WhiteFideId "-1"]
[PlyCount "71"]
[GameId "2160767911873178"]
[EventDate "1998.05.15"]
[EventType "swiss"]
[EventRounds "7"]
[EventCountry "CAN"]

1. e4 c5 2. Nc3 d6 3. f4 e6 4. Nf3 Nf6 5. g3 Nc6 6. Bg2 Be7 7. d3 O-O 8. O-O Rb8 9. h3 d5 10. g4 dxe4 11. dxe4 Qc7 12. e5 Rd8 13. Qe1 Ne8 14. Be3 Nd4 15. Qf2 b5 16. Kh2 b4 17. Ne4 Ba6 18. Rfc1 Qb6 19. Nfd2 f6 20. exf6 gxf6 21. Nb3 Bb7 22. Rg1 Ng7 23. Rad1 e5 24. f5 Rf8 25. c3 Nxb3 26. axb3 bxc3 27. bxc3 Qxb3 28. Rd7 Rf7 29. Nd2 Qb5 30. Rxb7 Rxb7 31. Rb1 Qxb1 32. Nxb1 Rxb1 33. Bd5 Rb8 34. Qa2 Rbf8 35. Qxa7 Bd6 36. Qd7 1-0